| 000 | 00373cam a2200157ua 4500 | ||
|---|---|---|---|
| 041 |
_aeng _h |
||
| 082 |
_a823.038 _bPRO/SW |
||
| 100 | _aProust, Marcel . | ||
| 245 |
_aSwann`s way / _cMarcel Proust. _hTextual Documents |
||
| 250 |
_a1 / _b. |
||
| 260 |
_aLondon : _bChatto and Windus , _c1960. |
||
| 300 | _a287 ; . | ||
| 504 | _a | ||
| 942 | _cBK | ||
| 999 |
_c6835 _d6835 |
||